000
00325nam a22001457a 4500
008
210312b ||||| |||| 00| 0 eng d
020
_a
0632023961
041
_a
eng
080
_2
5th
_a
616.5
082
_2
5th
_a
616.5
100
_a
7
101
_a
DER
245
_a
Textbook of Dermatology
_c
Champion,H.R
942
_2
udc
_c
BK
999
_c
56610
_d
56610